Statistiques concernant Culture Générale - Série 2071

Cliquez ici pour prendre le quiz!

Statistiques générales

  • Ce quiz a été pris 84 fois
  • Le résultat moyen est 5 sur 10

Statistiques - réponses

QuestionRéponse% Correct
Quelle place de Nancy (54) est inscrite au patrimoine mondial de l'UNESCO ? voir photoStanislas
76%
Dans quel pays européen se trouve la ville de Locarno ?Suisse
72%
Dans la pièce "Le cid" de Corneille, qui est l'amante de Rodrigue ?Chimène
66%
Quel reptile est appelé "serpent de verre" ?orvet
63%
Quels poissons d'eau douce carnivores des rivières d'Amérique du Sud, mesurant de 15 à 25 cm, se regroupent en bancs pour attaquer une proie plus grosse qu'eux ?piranhas
57%
Quelle ville de Bretagne était appelée jadis « La ville aux cinq ports » (militaire, pêche, commerce, voyageurs et plaisance) ?Lorient
49%
Quel verbe issu du mot espagnol "escargot" signifie être largement en tête d'une course ?caracoler
40%
Quel adjectif familier de 6 lettres commençant par" r " signifie "avare,cupide" ?rapiat
38%
Comment appelle-t-on le coup d'épée par lequel, à la corrida, le matador met à mort le taureau ?estocade
30%
Traiter (qqn) avec rudesse, en le réprimandant ou en le repoussant - 8 lettres commençant par " r "rabrouer
29%

Distribution des résultats

Percentile par nombre de réponses

% des personnes avec chaque résultat

Votre développement - résultats

Vous n’avez pas pris ce quiz